Guia de biblioteques públiques de Catalunya
Publicado:
Barcelona :
Generalitat de Catalunya. Servei de Biblioteques i del Patrimoni Bibliogràfic ,
1993
Descripción Física:
61 p. ; 23'5 cm
MARC
| LEADER | 00000nam a2200000Ia 4500 | ||
|---|---|---|---|
| 001 | 11758 | ||
| 008 | 160829s1993 xx 000 0 cat d | ||
| 080 | |a A-1-298 | ||
| 245 | |a Guia de biblioteques públiques de Catalunya | ||
| 260 | |a Barcelona : |b Generalitat de Catalunya. Servei de Biblioteques i del Patrimoni Bibliogràfic, |c 1993 | ||
| 300 | |a 61 p. ; |c 23'5 cm | ||
| 650 | |a Biblioteques públiques |x Catalunya |x Directoris |9 34168 | ||
| 700 | |a Catalunya. Servei de Biblioteques i del Patrimoni Bibliogràfic |9 20489 | ||
| 901 | |a Arxiu | ||
| 942 | |n 1 | ||
| 952 | |0 0 |1 0 |4 0 |6 A1298 |7 1 |9 46407 |a Arxiu |b Arxiu |d 2016-12-01 |l 0 |o A-1-298 |p 11758 |r 2016-12-01 00:00:00 |w 2016-12-01 |y ARXIU | ||
| 999 | |c 50192 |d 50192 | ||